000 00414nam a2200133Ia 4500
008 260210s9999 xx 000 0 und d
024 _a00B-30-BCS3 & 00A-46-BCS3
082 _a004.62072 IMR
100 _aImran-ul-Haq & Faraz Haseeb Khan
245 0 _aSending Cards From Mobile Using WAP
260 _aKarachi:
_bUITU,
_c2000
600 _aComputer Science
650 _aBachelor of Computer Science (BS)
999 _c31747
_d31747